000 00855nam a2200253 i 4500
003 DO-SdBNP
005 20230705130711.0
006 a||||gr|||| 00| 0
007 ta
008 230705e1992 dr d||| |||| 00| 1 spa d
040 _aDO-SdBNP
_bspa
_cBNPHU
_erda
082 4 _222
_bT178h
100 1 _930239
_aTarazona, Enrique, hijo
_d1944-
245 1 0 _aEl historiólogo:
_b(leyenda colectiva)./
_cEnrique Tarazona, hijo
264 _aSan Pedro de Macorís, República Dominicana:
_bGente,
_c1992
300 _a353 páginas ;
_c21 cm
336 _2rdaconten
_atexto
_btxt
337 _2rdamedia
_asin medición
_bn
338 _2rdacarrier
_avolumen
_bnc
500 _aIncluye datos biográficos del autor en la solapa de la cubierta.
500 _aIncluye bibliografía y notas al pié de páginas
590 _aInventariado 2023 / MF
942 _2ddc
_cLBS1
999 _c54108
_d54108